Mares e oceanos (Registo nº 4288)

Detalhes MARC
000 -Etiqueta do registo
Cabeçalho 00529nam a2200193 4500
005 - Identificador da versão
Campo de controlo 20240904162808.0
010 ## - Número internacional normalizado dos livros (ISBN)
Número (ISBN) 9722604880
100 ## - Dados gerais de processamento
Dados gerais de processamento 19920806d1991 cd y0pory5003 ba
101 1# - Língua de publicação
Língua do texto, banda sonora, etc. Português
Língua do documento no original Francês
102 ## - Pais de publicação ou produção
País de publicação Portugal
200 1# - Titulo e menção de responsabilidade
Título próprio Mares e oceanos
Informação de outro título o planeta azul
Primeira menção de responsabilidade escrito por Diane Costa de Beauregard
210 ## - Publicação, Distribuição, etc. 
Lugar da edição, distribuição, etc. Lisboa
Nome do editor, distribuidor, etc. Civilização
-- Círculo de Leitores
Data da publicação, distribuição, etc. cop. 1991
215 ## - Descrição física 
Indicação específica da natureza do documento e extensão da espécie 36 p
Material acompanhante il
225 1# - Colecção 
Título próprio da colecção Descobrir
675 ## - Classificação Decimal Universal (CDU)
Notação 087.5
Edição BN
Língua da edição por
700 #1 - Nome de autor-pessoa física (responsabilidade principal)
Número de registo de entrada de autoridade 0001048
Palavra de ordem Beauregard
Outra parte do nome não tomada para palavra de ordem Diane Costa de
942 ## - Elementos de entrada adicionados (Koha)
Tipo de item no Koha Livro
Exemplares
Situação do levantamento Origin of item (home branch) (coded) Biblioteca de empréstimo Código de barras Cota Circulation type (not for loan) Tipo de documento Nota do exemplar Damaged status
  Biblioteca Escolar das Vendas Biblioteca Escolar das Vendas BEV1302 5BEA   Livro Sem mensagem